000 00554nam a2200169Ia 4500
008 140911s9999 xx 000 0 und d
020 _a9784431929345
050 _aHB 135
_b.K97 2009 vol.12
100 _aKusuoka, Shigeo.
245 _aAdvances in mathematical economics /
_cShigeo Kusuoka and Toru Maruyama.
260 _aSingapore:
_bMarshall Cavendish Business,
_cc2010.
300 _a239 pages :
_b illustration ;
_c22 cm.
504 _aIncludes references and index.
521 _aBusiness Administration
942 _kFOR
_cBK
999 _c275570
_d275570